000 00497nam a22001697a 4500
005 20250122090009.0
008 231120b |||||||| |||| 00| 0 eng d
020 _a0409116637
041 _aEnglish
082 _a343.4 SIL
100 _lEnglish
245 _aSilke on South African Income Tax Act 1999/2000
260 _aDurban :
_bButterworth Publishers (Pty) Ltd,
_c2000
300 _b400 pages ;
_c25 cm.
650 _aLegal practice
_bLaw
942 _cBK
_6ALISON_BN_VRIES
999 _c813
_d813